Composite Wood Materials Bonded with PF Resins

Salvato in:
Dettagli Bibliografici
Autore principale: Sedliačik, Ján (Autore)
Natura: Libro
Lingua:inglese
Pubblicazione: Zvolen : Technická univerzita vo Zvolene, 2001
Tags: Aggiungi Tag
Nessun Tag, puoi essere il primo ad aggiungerne!!

MARC

LEADER 00000nam a22000003a 4500
001 stu61058
005 20150617225651.8
008 010810s2001----xo------------------eng-d
040 |a STU  |b slo 
041 0 |a eng 
044 |a xo 
080 |a 674.07(075.8) 
080 |a 674.028.9(075.8) 
100 1 |a Sedliačik, Ján  |4 aut 
245 1 |a Composite Wood Materials Bonded with PF Resins 
260 |a Zvolen :  |b Technická univerzita vo Zvolene,  |c 2001 
300 |a 48 s. Tab.,grafy,lit 
996 |b CS71797  |c C*S71797  |l CCVIIIA  |s P  |a 0  |w stu61058_0001